Départements Français d'Algérie - Statistiques

Statistiques générales
  • Ce quiz a été pris 775 fois
  • Le résultat moyen est 5 sur 15
Réponses sur la Carte
Les réponses sont colorées sur une échelle allant du rouge au vert en fonction du pourcentage des utilisateurs qui les ont devinées à leur premier essai. Vous pouvez retrouver ces pourcentages ci-dessous.
 
Statistiques - réponses
Code Département % Correct
9A Alger
98%
9G Oran
85%
9D Constantine
65%
9C Bône (Annaba)
39%
9M Tlemcen
34%
9L Tizi Ouzou
33%
9J Sétif
30%
9F Mostaganem
24%
9B Aurès (Batna)
22%
9H Orléanville (Chlef)
22%
9K Tiaret
11%
9E Médéa
10%
9R Saïda
8%
8A Oasis
6%
8B Saoura
4%
Aucun quiz correspondant
Distribution des résultats
% des personnes avec chaque résultat
Percentile par nombre de réponses
Votre historique - résultats
Vous n’avez pas pris ce quiz